| 000 | 00722nam a22002177a 4500 | ||
|---|---|---|---|
| 999 |
_c7259 _d7259 |
||
| 003 | Ost | ||
| 005 | 20190611115502.0 | ||
| 008 | 190611b ||||| |||| 00| 0 eng d | ||
| 020 | _a9780070682610 | ||
| 040 | _cBT-PhCST | ||
| 050 | _a22686-22690 | ||
| 082 |
_222 _a629.8 _bDOE |
||
| 100 | _aMcMillan, Gregory K. | ||
| 245 |
_aProcess/industrial instruments and controls handbook / _cGregory K. McMillan, editor ; Douglas M. Considine, late editor-in-chief. |
||
| 250 | _a5th ed. | ||
| 260 |
_aNew Delhi : _bMcGraw-Hill, _cc2014. |
||
| 300 |
_a(various pagings) 11.58/I.13 p. : _bill. ; 24 cm. _c24 cm. |
||
| 500 | _aIncludes bibliographical references and index. | ||
| 700 | _aConsidine, Douglas M. | ||
| 942 |
_2ddc _cECE |
||